书目信息 |
| 题名: |
哈佛成功赚钱术
|
|
| 作者: | 李铭 编著 | |
| 分册: | ||
| 出版信息: | 北京 中国人事出版社 |
|
| 页数: | 291页 | |
| 开本: | 32开 | |
| 丛书名: | ||
| 单 册: | ||
| 中图分类: | F715 | |
| 科图分类: | ||
| 主题词: | 商业经济--国内 | |
| 电子资源: | ||
| ISBN: | 7-80076-968-2 | |
| 000 | 00541nam0 2200193 45 | |
| 001 | 0011222061 | |
| 005 | 20001122210046.3 | |
| 010 | @a7-80076-968-2@d14.00。8 | |
| 100 | @a20001122d km y0chiy0120 ea | |
| 101 | 0 | @achi |
| 105 | @a z 000yy | |
| 200 | 1 | @a哈佛成功赚钱术@AHa Fo Cheng Gong Zhuan Qian Shu@f李铭编著@FLi Ming Bian Zhu |
| 210 | @a北京@c中国人事出版社 | |
| 215 | @a291页@d32开 | |
| 606 | 0 | @a商业经济@x国内 |
| 690 | @aF715@v3 | |
| 701 | 0 | @a李铭@4编著 |
| 801 | @aCN@bPftUser@c20001122 | |
| 905 | @b501644-646@dF715@eL.532@f3 | |
| 哈佛成功赚钱术/李铭编著.-北京:中国人事出版社 |
| 291页;32开 |
| ISBN 7-80076-968-2:14.00。8 |
| ● |
| 相关链接 |
|
|
|
正题名:哈佛成功赚钱术
索取号:F715/L.532
 
预约/预借
| 序号 | 登录号 | 条形码 | 馆藏地/架位号 | 状态 | 备注 |
| 1 | 501644 | 205016445 | 社科库409/409社科库 45排2列2层/ [索取号:F715/L.532] | 在馆 | |
| 2 | 501645 | 205016454 | 社科库409/409社科库 45排2列2层/ [索取号:F715/L.532] | 在馆 | |
| 3 | 501646 | 205016463 | 社科库409/409社科库 45排2列2层/ [索取号:F715/L.532] | 在馆 |